المؤتمر العلمي السنوي الدولي الحادي والعشرون : (Record no. 29594)
[ view plain ]
| 000 -الفاتح | |
|---|---|
| حقل البيانات ثابتة الطول | 01644nam a22002777a 4500 |
| 003 - محدد رقم الضبط | |
| رقم الضبط | EG-ScBUE |
| 005 - وقت وتاريخ اخر تعامل مع التسجيلة | |
| رقم الضبط | 20211016142019.0 |
| 008 - عناصر البيانات ثابتة الطول - معلومات عامة | |
| حقل البيانات ثابتة الطول | 211016s2005 ua o f 100 0 ara d |
| 040 ## - مصدر الفهرسة | |
| وكالة الفهرسة الأصلية | EG-ScBUE |
| لغة الفهرسة | ara |
| قواعد الوصف | rda |
| وكالة النسخ | EG-ScBUE |
| وكالة التعديل | EG-ScBUE |
| 082 04 - رقم تصنيف ديوى العشرى | |
| رقم التصنيف | 658.3 |
| رقم المادة | م ؤ ت |
| رقم الطبعة | 22 |
| 111 2# - المدخل الرئيسى - اسم مؤتمر | |
| اسم المؤتمر أو اسم السلطة كمدخل | المؤتمر العلمي السنوي الدولي حول رؤية إستراتيجية لتفعيل دور الموارد البشرية العربية في ظل التقنيات المعاصرة |
| رقم جزء/قسم/الاجتماع | (21th : |
| تاريخ الاجتماع | 2005 : |
| موقع المؤتمر | القاهرة) |
| وحده ملحقة | مؤلف. |
| 245 12 - بيان العنوان | |
| العنوان | المؤتمر العلمي السنوي الدولي الحادي والعشرون : |
| بقية العنوان | رؤية إستراتيجية لتفعيل دور الموارد البشرية العربية في ظل التقنيات المعاصرة / |
| بيان المسئوليه,etc | تحت رعاية أ. عمرو موسى، أمين عام جامعة الدول العربية، أ. د. عمرو سلامة، وزير التعليم العالي والدولة للبحث العلمي. |
| 264 #1 - النشر، التوزيع | |
| مكان الناشر او الموزع | المنصورة : |
| اسم الناشر او الموزع | جامعة المنصورة، كلية التجارة، |
| تاريخ النشر أو التوزيع | 2005. |
| 300 ## - الوصف المادى | |
| التعداد | 160 صفحة : |
| تفاصيل ماديه اخرى للوعاء | صور ؛ |
| أبعاد الوعاء | 24 سم |
| 336 ## - نوع المحتوى | |
| source | rdacontent |
| Carrier Type Term | نص |
| Content Type Code | txt |
| 337 ## - نوع الوسيط | |
| source | rdamedia |
| Media Type Term | بدون وسيط |
| Media Type Code | n |
| 338 ## - نوع الحامل أو الناقل | |
| source | rdacarrier |
| Carrier Type Term | مجلد |
| Carrier Type Code | nc |
| 541 ## - تبصرة المصدر المباشر للتزويد | |
| طريقة التزويد | إهداء. |
| 650 #7 - المدخل الاضافى بالموضوع-مصطلح موضوعى | |
| مصطلح موضوعي أو اسم جغرافي كعنصر مدخل | إدارة الأفراد |
| التقسيم الفرعي الشكلي | مؤتمرات وندوات. |
| مصدر الرأس أو المصطلح | BUEsh |
| 650 #7 - المدخل الاضافى بالموضوع-مصطلح موضوعى | |
| مصطلح موضوعي أو اسم جغرافي كعنصر مدخل | رأس المال البشري |
| التقسيم الفرعي الشكلي | مؤتمرات وندوات. |
| مصدر الرأس أو المصطلح | BUEsh |
| 653 ## - مصطلح تكشيفى غير مقيد | |
| Resource For college | BAEPS, Business Administration |
| Arrived date list | October2021 |
| 655 ## - مصطلح تكشيفى-نوع/شكل | |
| التقسيم الفرعي الشكلي | Reading book |
| -- | 34232 |
| 700 1# - المدخل الاضافى - اسم شخصى | |
| الإسم الشخصى | موسى، عمرو، |
| التواريخ المصاحبة للاسم | 1936- |
| الدور | مشرف. |
| 9 (RLIN) | 40625 |
| 700 1# - المدخل الاضافى - اسم شخصى | |
| الإسم الشخصى | سلامة، عمرو، |
| الدور | مشرف. |
| 942 ## - عناصر المدخل الإضافي( كوها) | |
| مصدر التصنيف او مخطط الترفيف | Dewey Decimal Classification |
| حالة التراجع | حالة الفقد | مصدر التصنيف او خطة الترفيف | حالة تلف | ليس للاعارة | مجموعات كوها | المكان الدائم | المكان الحالي | موقع الترفيف | تاريخ الاكتساب | Source of acquisition | رقم الاستدعاء | الباركود | Date last seen | نوع الوعاء |
|---|---|---|---|---|---|---|---|---|---|---|---|---|---|---|
| Dewey Decimal Classification | Donation-Gift | Central Library | Central Library | First floor | 16/10/2021 | Donation | 658.3 م ؤ ت | 000050848 | 15/07/2025 | Book - Borrowing |